25 years of God's faithfulness : (Record no. 10286)

MARC details
000 -LEADER
fixed length control field 00414nam a22001457a 4500
003 - CONTROL NUMBER IDENTIFIER
control field GBCCL
005 - DATE AND TIME OF LATEST TRANSACTION
control field 20241126110729.0
008 - FIXED-LENGTH DATA ELEMENTS--GENERAL INFORMATION
fixed length control field 240513b ||||| |||| 00| 0 eng d
040 ## - CATALOGING SOURCE
Transcribing agency gbc
082 ## - DEWEY DECIMAL CLASSIFICATION NUMBER
Classification number SOU EBC
Item number 2024
245 ## - TITLE STATEMENT
Title 25 years of God's faithfulness :
Remainder of title Silver Jubilee souvenir 1999-2024
260 ## - PUBLICATION, DISTRIBUTION, ETC.
Place of publication, distribution, etc. Kohima :
Name of publisher, distributor, etc. Evangelical Baptist Convention Church ,
Date of publication, distribution, etc. 2024
300 ## - PHYSICAL DESCRIPTION
Extent 116 p. ;
942 ## - ADDED ENTRY ELEMENTS (KOHA)
Source of classification or shelving scheme Dewey Decimal Classification
Koha item type Archives
Holdings
Withdrawn status Lost status Source of classification or shelving scheme Damaged status Not for loan Home library Current Library Shelving location Date acquired Total checkouts Full call number Barcode Date last seen Copy number Price effective from Koha item type
    Dewey Decimal Classification     GRACE BIBLE COLLEGE GRACE BIBLE COLLEGE Archives 2024-05-13   SOU EBC 2024 250277 2025-05-01 c.1 2024-05-13 Archives
    Dewey Decimal Classification     GRACE BIBLE COLLEGE GRACE BIBLE COLLEGE Archives 2024-05-13   SOU EBC 2024 250278 2025-05-01 c.1 2024-05-13 Archives
    Dewey Decimal Classification     GRACE BIBLE COLLEGE GRACE BIBLE COLLEGE Archives 2024-05-13   SOU EBC 2024 250279 2025-05-01 c.1 2024-05-13 Archives
© Grace Bible College Library 2025